000 00431nam a2200181Ia 4500
005 20240823053932.0
008 240823s9999||||xx |||||||||||||| ||und||
041 _aENGLISH
082 _A621.381 M5
100 _aIbrahim.K.F
245 0 _aElectronic Systems and Technology
250 _a1st
260 _c1985
_b"Wheeler,Allahabad"
500 _aYES
650 _aElectronics
_bElectronics
942 _cBK
999 _c225289
_d225289